Music Quiz

Random Music or Song Quiz

30 in 60: Music Artists Quiz Stats

 Plays Quiz Updated Jan 9, 2015

Challenge
Share
Tweet
Embed
Score 0/30 Timer 01:00
132 Plays Today
% Correct
Michael Jackson
74.3%
Madonna
73.9%
Queen
73.7%
The Beatles
72.3%
ABBA
71.4%
Beyoncé
71.1%
Nirvana
70.6%
Prince
70.3%
Village People
69.9%
Eagles
69.1%
The Beach Boys
68.5%
Led Zeppelin
65.1%
Lynyrd Skynyrd
64.2%
Pink Floyd
63.8%
The Police
62%
% Correct
Bruce Springsteen
61.6%
B-52's
60.4%
U2
59.1%
Guns N' Roses
58.9%
Coldplay
57.9%
Beastie Boys
57.1%
Green Day
56.1%
Aerosmith
54.3%
The Doors
54.1%
Elton John
53.4%
The Rolling Stones
50.2%
The Clash
48.2%
The Who
43.4%
Stevie Wonder
42.2%
Bob Dylan
30.3%

You're not logged in!

Compare scores with friends on all Sporcle quizzes.
Join for Free
OR
Log In

You Might Also Like...

Show Comments

Extras

Top Quizzes Today


Score Distribution

Your Account Isn't Verified!

In order to create a playlist on Sporcle, you need to verify the email address you used during registration. Go to your Sporcle Settings to finish the process.

Report this User

Report this user for behavior that violates our Community Guidelines.

Details: